000 00481nam a2200181Ia 4500
001 4023
005 20260306145725.0
008 260306t2008||||xx |||||||||||||| ||spa||
041 _aESP
082 _a306.446098
_bC66 2008
100 _aAlfaro, Santiado (ed.)
_eAUT
245 0 _aCiudadanía inter-cultural:
_bconceptos y pedagogías desde América Latina
260 _c2008
300 _a379 páginas :
_c20 cm.
650 _aGEN
654 _aCHU
942 _cLIB
_dJUS
_fJUS
_2ddc
_n
999 _c4023
_d4023